Heterogeneous labour, labour theory of value and identities: towards a theory of segmentation and revolutionary subjectivity (Record no. 509469)

000 -LEADER
fixed length control field 00423nam a22001337a 4500
008 - FIXED-LENGTH DATA ELEMENTS--GENERAL INFORMATION
fixed length control field 190509b ||||| |||| 00| 0 eng d
100 ## - MAIN ENTRY--PERSONAL NAME
Personal name John, Maya
245 ## - TITLE STATEMENT
Title Heterogeneous labour, labour theory of value and identities: towards a theory of segmentation and revolutionary subjectivity
260 ## - PUBLICATION, DISTRIBUTION, ETC. (IMPRINT)
Date of publication, distribution, etc 2018
300 ## - PHYSICAL DESCRIPTION
Extent p.43-59.
773 ## - HOST ITEM ENTRY
Main entry heading Social Scientist
906 ## - LOCAL DATA ELEMENT F, LDF (RLIN)
Subject DIP Labour - Theory of value
942 ## - ADDED ENTRY ELEMENTS (KOHA)
Item type Articles
Holdings
Withdrawn status Lost status Source of classification or shelving scheme Damaged status Not for loan Permanent location Current location Date acquired Serial Enumeration / chronology Barcode Date last seen Koha item type
          Indian Institute of Public Administration Indian Institute of Public Administration 2019-05-09 46(9-10), Sep-Oct, 2018: p.43-59. AR119644 2019-05-09 Articles

Powered by Koha